Punteggi del Poker - Statistics

Statistiche generali
  • Questo quiz è stato fatto 103 volte
  • Il punteggio medio è 9 su 10
Statistiche sulle risposte
Punteggio % Corretto
Scala
100%
Coppia
99%
Doppia coppia
96%
Tris
96%
Colore
95%
Poker
95%
Scala reale
95%
Full
92%
Carta alta
69%
Scala colore
69%
Nessun quiz corrispondente trovato
Distribuzione punteggi
Percentuale di utenti per punteggio
Percentile per numero di risposta
I tuoi punteggi nel tempo
Non hai fatto questo quiz